10 kekasih Allah

Bibliographic Details
Main Author: Qayyim Al-Jauziyah, Ibnu
Corporate Author: Title
Format: Book
Published: Kuala Lumpur : Synergy Publishing , [?]
Subjects:

MARC

LEADER 00000cam a2200000 7i4500
001 0000013141
005 20080108.0
008 080108
020 |a 9831368877 
090 0 0 |a 297.4   |b QAY 
100 0 |a Qayyim Al-Jauziyah, Ibnu 
245 1 0 |a 10 kekasih Allah   |c Ibnu Qayyim Al-Jauziyah 
246 0 |a Sepuluh kekasih Allah 
260 |a Kuala Lumpur :   |b Synergy Publishing ,   |c [?] 
650 0 |a Religious life   |x Islam 
710 0 |a Title 
740 0 |a Sepuluh kekasih Allah 
999 |a 0001009716   |b Book   |c Adult Collection   |e Perbadanan Perpustakaan Awam Johor 
999 |a 0001009717   |b Book   |c Adult Collection   |e Perbadanan Perpustakaan Awam Johor